Регионална библиотека "Любен Каравелов" - Русе

В свободния свят (Запис номер 202545)

MARC детайли
000 -Лидер
Контролно поле с фиксирана дължина 01513nam a2200361 c 4500
003 - Код на организацията, давaща контролен номер
Контролно поле BLK
005 - Дата и час на последна редакция
Контролно поле 20250208151233.0
008 - Елементи от данни с фиксирана дължина
fixed length control field 180411b bul|||||r ||||||| ||bul||
010 ## - Наследен системен номер
LC control number KNG00212013000
020 ## - Международен стандартен номер на книга ISBN
Международен стандартен номер на книга ISBN 978-954-9621-69-3
-- издат.: АТЛАНТИС-КЛ
040 ## - Източник на каталожния запис
Идентификатор на билиотеката - собственик на записа BLK
041 ## - Код за език
Код за езика на текст/звукозапис или на отделно заглавие Български
Код за езика КДБФ Български
072 #7 - Код за тематичната категория
Код организация bullib
Код за тематична категория Н83
Текст Чужда художествена литература Н
080 ## - УДК
Текстов определител УДК Австрийска литература
УДК код - определител по УДК 821.112(436)
УДК определител -31
УДК - код + определител 821.112(436)-31
100 1# - Редна дума - Автор
Автор Гщрайн, Норберт
Авторска отговорност първи автор
R(LIN) 57315
139 ## - Редно поле
Редна дума Гщрайн, Норберт
Авторски знак Гут - Г 94
245 10 - Сведения за заглавието
Заглавие В свободния свят
Подзаглавни данни Роман
Редно поле (дума) Норберт Гщрайн; прев. от нем. Любомир Димитров Илиев.
257 ## - Страна на издаване
Страна на създаване/издаване Австрия
260 ## - Област на издателските данни
-- София
Име на издателя, разпространителя и проч. АТЛАНТИС-КЛ
Година на издаване 2017
Печатница София : Скала принт
300 ## - Физическа характеристика
Страници 399 с.
Размери/Мащаб 20 см
380 ## - Жанр
Жанр Худож. лит.
490 1# - СЕРИИ (Колекции)
Име на серия Вълшебната планина : Съвременна проза от Германия, Австрия и Швейцария
500 ## - Общи забележки
Забележка Ориг. загл. In der freien Welt / Norbert Gstrein.
653 ## - Ключова дума – ненормативна
Ключова дума романи
659 ## - Тематичен бюлетин
Тематичен бюлетин Н
700 1# - Други автори (авторска отговорност)
Лично име Илиев, Любомир Димитров
9 (RLIN) 376558
852 ## - Местоположение
Форматна сигнатура Цб 286974
856 4# - Електронен адрес и достъп
Електронен формат pdf - файл
Път до файла /url/
856 4# - Електронен адрес и достъп
Електронен формат pdf - файл
Път до файла /url/
942 ## - АРТИКУЛИ
Вид на библиотечния материал Книги
Скрит в OPAC Не
Koha issues (borrowed), all copies 29
944 ## - СЪЗДАВАНЕ И РЕДАКЦИЯ на ЗАПИСА
Създаване/Редакция Създаване
Дата на регистрацията/редакция 08.09.2017
Статус, дата на статуса Ренета Константинова
Служител, извършил регистрацията/редакцията 30546
944 ## - СЪЗДАВАНЕ И РЕДАКЦИЯ на ЗАПИСА
Създаване/Редакция Редакция
Дата на регистрацията/редакция 10.01.2018
Статус, дата на статуса ф /
Служител, извършил регистрацията/редакцията Людмила_Стоянова
999 ## - СИСТЕМНИ КОНТРОЛНИ НОМЕРА
Koha biblionumber 202545
Koha biblioitemnumber 202545
Наличности
Код за отписване Код за изгубен артикул Код за повреда Коз за рестрикции Код за отдаване Артикулен № Име на библиотеката - собственик Име на библиотеката, в която се намира в момента Статус (Текущо местоположение) Дата на вписване в системата Местоположение - отдел Цена в лева Инвентарен номер Систематично азбучна сигнатура Баркод Номер на екземпляра Цена в евро Служебна бележка Служебен тип на артикула Източник на класификационната схема
  Не е изгубен Не е повреден без рестрикции ползва се в читалня 350247 Регионална библиотека "Любен Каравелов" Русе Регионална библиотека "Любен Каравелов" Русе Хранилище 2017-09-13 Хранилище 22.00 120000814685 Цб 286974 120000814685 1 11.25 Дост: Dp Вид: Д N: 30 Дата: 29.06.2017 Книги  
  Не е изгубен Не е повреден без рестрикции заемане за дома 350248 Регионална библиотека "Любен Каравелов" Русе Регионална библиотека "Любен Каравелов" Русе Заемна - подръчен фонд 2017-12-15 Заемна - подръчен фонд 22.00 120000818130 П 830-31/Г 94 120000818130 2 11.25 Дост: Pk Вид: Ф N: 498 Дата: 15.12.2017 Книги Universal Decimal Classification
  Не е изгубен Не е повреден   заемане за дома 687805 Регионална библиотека "Любен Каравелов" Русе Регионална библиотека "Любен Каравелов" Русе Заемна - подръчен фонд 2018-12-27 Заемна - подръчен фонд 22.00   П 830-31/Г 94 120000828835   11.25   Книги Universal Decimal Classification
Vip Innovations Ltd, Rousse, Bulgaria 2025